Score 0/13 Timer 10:00
3 Plays Today
GIRLS MOMS % Correct
niaholly
97.7%
paige and brookekelly
95.4%
maddie and mackenziemelissa
94.9%
kendalljill
94%
chloechristi
90.7%
vivi-anncathy
90.7%
kalanikira
79.2%
peytonleslie
72.2%
brynnashlee
68.5%
nikayakaya
61.1%
jojojessalynn
61.1%
asiakristie
56.5%
sophiajackie
40.7%
Remove Ads.
Support Sporcle.
Get the best of Sporcle when you Go Orange. This ad-free experience offers more features, more stats, and more fun while also helping to support Sporcle. Thank you for becoming a member.

You're not logged in!

Compare scores with friends on all Sporcle quizzes.
OR
Log In

Show Comments

Extras

Created Dec 15, 2018ReportNominate
Tags:dance, Dance Moms, girl, mom

Top Quizzes Today


Score Distribution

Your Account Isn't Verified!

In order to create a playlist on Sporcle, you need to verify the email address you used during registration. Go to your Sporcle Settings to finish the process.

Report this User

Report this user for behavior that violates our Community Guidelines.

Details: